000 00573nam a2200229Ia 4500
003 OSt
005 20221005130117.0
006 a|||||r|||| 00| 0
007 ta
008 221004b |||||||| |||| 00| 0 ben d
024 _a115877
037 _cTextual
040 _aCRL
_cCRL
_bben
041 _2ben
_aben
082 _aO157,3N984x, M5
100 _aDhurjoti Prasad
_9637615
245 0 _aRachnavali
260 _c1985
650 _aBENGALI LITERATURE
942 _hO157,3N984x, M5
_cTEXL
_2cc
999 _c1056135
_d1056135